| 000 | 01676nam0a2200373 4500 | ||
|---|---|---|---|
| 001 | RU\NLR\BIBL_A\022621139 | ||
| 005 | 20260312105539.0 | ||
| 010 |
_a978-5-89647-437-1 _9500 |
||
| 021 |
_aRU _bКН-П-25-044140 _9КН-П-25-4293 |
||
| 035 | _a(NLR Aleph) 022621139 | ||
| 090 |
_a13635261 _c13635261 |
||
| 100 | _a20250915d2025 k y0rusy50 ca | ||
| 101 | 0 | _arus | |
| 102 | _aRU | ||
| 105 | _aa z 000yy | ||
| 181 | 0 |
_ai3 _baxxe |
|
| 182 | 0 | _an | |
| 200 | 1 |
_aИудея библейских времен _eрелигиозно-общинная и повседневная жизнь _eмонография _fЭдуард Егизарян |
|
| 203 |
_aТекст _bвизуальный _cнепосредственный |
||
| 210 |
_aМосква _cИзд-во ББИ _d2025 |
||
| 215 |
_a220 с. _cил. _d21 |
||
| 225 | 1 | _aСерия "Богословские исследования" | |
| 300 | _aНа 4-й с. обл. авт.: Э. М. Егизарян - канд. ист. наук | ||
| 320 | _aБиблиогр. в подстроч. примеч. | ||
| 606 | 1 |
_aДуховная жизнь общества _yИудея _z6 - 4 вв. до н.э. _92700145 _3RU\NLR\AUTH\6601767392 |
|
| 606 | 1 |
_aСоциальная история _yИудея _z6 - 4 вв. до н.э. _92700146 _3RU\NLR\AUTH\6601767393 |
|
| 606 | 1 |
_aИудаизм _yИудея _z6 - 4 вв. до н.э. _92700436 _3RU\NLR\AUTH\6601767464 |
|
| 686 | 1 | _aТ3(0)313.433 | |
| 686 | 1 | _aЭ36-333 | |
| 700 | 1 |
_aЕгизарян _bЭ. М. _f1972- _gЭдуард Михайлович |
|
| 942 | _cBOOK | ||
| 980 | _aNB | ||